{"text_format":"3","workbook":"xls","n_sheets":3,"sheets":["Sheet1","Sheet2","Sheet3"],"unopened":[{"sheet":"Sheet2","index":1,"reason":"part_missing"},{"sheet":"Sheet3","index":2,"reason":"part_missing"}],"read":"biff_walk_short","date_system":"1900","formulas":"cached_only"}

{"sheet":"Sheet1","index":0,"n_rows":25,"n_cols":7,"rows_kept":25,"read":"biff_walk_short","flags":["formulas_cached_only"]}
["邢台现代职业学校1+X幼儿照护职业技能等级证书考试物料清单"]
["序号","名称","规格，参数","数量","单位","单价最高限价","合计"]
[1,"护理工具车套件","护理推车，置物托盘，医药箱三层置物台98*54*37",3,"套",{"v":672,"d":"672.00"},{"v":2016,"d":"2016.00"}]
[2,"婴儿仿真模型","52cm，1kg，软硅胶材质\n身体柔软，关节灵活，手指打开，可做洗澡沐浴、被动抚触、推拿按摩等",4,"个",{"v":256,"d":"256.00"},{"v":1024,"d":"1024.00"}]
[3,"漱口台","儿童彩色洗手盆+水龙头\n材质：陶瓷，釉面36*36  包含盘柜",2,"个",{"v":1080,"d":"1080.00"},{"v":2160,"d":"2160.00"}]
[4,"防护套装","温盐水1瓶，手消毒剂1瓶，记录本1本，签字笔1支，医用三角巾2包，医用剪刀1把，治疗盘1个，冰袋5包 ，绷带5包，纱布5包，碘伏1瓶，镊子2个，止血带5个，婴儿安全别针1个，PE手套1盒，夹板1对，室内温湿度计1个，室内温度计1个，碳酸氢钠溶液1瓶，抗组胺软膏1个，棉签5包，体温表1个，血压计1个，听诊器1个，弯盘1个，医用垃圾桶1个，医用垃圾袋1捆",3,"套",{"v":1688,"d":"1688.00"},{"v":5064,"d":"5064.00"}]
[5,"幼儿进餐指导","水杯，筷子，汤勺，大、小毛巾，换脸盆，肥皂水，七步洗手法挂图，木棍等绝缘物，幼儿餐具，幼儿餐椅，围嘴，手帕",3,"套",{"v":508,"d":"508.00"},{"v":1524,"d":"1524.00"}]
[6,"幼儿如厕指导","小内裤，长裤，音乐播放器，幼儿睡前读物，小夜灯，秒表，水温计，浴盆，热水壶，呼吸膜，手电筒，喷水壶，便盆",3,"套",{"v":890,"d":"890.00"},{"v":2670,"d":"2670.00"}]
[7,"口腔仿真模型","模型：12*9cm\n规格：极细超软毛",3,"个",{"v":69,"d":"69.00"},{"v":207,"d":"207.00"}]
[8,"婴幼儿绘本（黑白卡 、布书、硬板书、洞洞书、\n触觉书、经典 绘本等）","套装",2,"6件套",{"v":220,"d":"220.00"},{"v":440,"d":"440.00"}]
[9,"仿真动物、仿真水果、蔬菜、生活物品","材质：仿真材质（安全PVC）\n规格：仿真动物、水果蔬菜、生活物品套装（10个装）",2,"4件套",{"v":198,"d":"198.00"},{"v":396,"d":"396.00"}]
[10,"镜子","亚克力加塑料材质，与漱口台配套",2,"个",{"v":10,"d":"10.00"},{"v":20,"d":"20.00"}]
[11,"套杯","材质：塑料材质\n规格：17.3*8*8cm",2,"套",{"v":51,"d":"51.00"},{"v":102,"d":"102.00"}]
[12,"木制、塑料积木","材质：木质，可啃咬环保水性漆\n数量：50颗",2,"套",{"v":178,"d":"178.00"},{"v":356,"d":"356.00"}]
[13,"海洋球","材质：塑料，直径7厘米，数量20个",2,"份",{"v":56,"d":"56.00"},{"v":112,"d":"112.00"}]
[14,"串线游戏","材质：木质\n规格：165X127X90mm，多色多类形状积木若干",2,"个",{"v":42,"d":"42.00"},{"v":84,"d":"84.00"}]
[15,"碗、碟子、杯子、勺子、筷子、镊子、滴管、鸟嘴杯等生活用品","内附塑料碗、塑料碟子、不锈钢杯子、塑料勺子、竹质筷子、硅胶滴管、塑料鸟跟杯各一",2,"8件套",{"v":228,"d":"228.00"},{"v":456,"d":"456.00"}]
[16,"扫把、拖把等\n儿 童 卫 生 工\n具","幼儿扫地组套装，蒙氏标准教具组，含扫把、撮箕、拖把等",2,"2件套",{"v":165,"d":"165.00"},{"v":330,"d":"330.00"}]
[17,"拧螺丝组","宝宝不能使用拆卸工具\n手眼协调螺丝组\n规格：35*5.5*12cm",2,"套",{"v":56,"d":"56.00"},{"v":112,"d":"112.00"}]
[18,"锁板","别名：锁和钥匙的工作\n规格：2.5*4.3cm\n内芯铜，外包塑料\n\n8种颜色的锁，含托盘，适合蒙氏教师的工具，如果宝宝还没达到开锁的水平，可以先练习颜色配对",2,"套",{"v":168,"d":"168.00"},{"v":336,"d":"336.00"}]
[19,"衣饰框及框","材质：榉木\n规格：25.7*25.5\n由1个架、12个框、12件衣饰组成。学会各种绳带、纽扣的系法，锻练手指灵活性，培养适应日常生活的自理能力",2,"整套",{"v":450,"d":"450.00"},{"v":900,"d":"900.00"}]
[20,"动植物嵌板","材质：木质\n规格：24*24cm\n内含动物拼图：鱼、鸟、乌龟、马、青蛙各一块，植物拼图：树、花、树叶拼图各一块",2,"整套",{"v":390,"d":"390.00"},{"v":780,"d":"780.00"}]
[21,"二指捏","材质：实木\n规格：17*17cm\n由1个插座板、9个小人组成。锻练两指抓物的能力，提高手眼协调能力",2,"个",{"v":76,"d":"76.00"},{"v":152,"d":"152.00"}]
[22,"敲击类玩具（敲小球、敲钉子）","材质：木质\n规格36.5*11.5*9.5cm",2,"个",{"v":98,"d":"98.00"},{"v":196,"d":"196.00"}]
[23,"拼插类玩具（插彩钉）","规格：插板：20.5*28.8cm\n    蘑菇钉：2.2*1.8cm\n插彩钉可以锻炼宝宝手眼协调，创造力培养审美能力。采用填充拼插，通过各种不同颜色的大小不同的蘑菇型颗粒，组成五彩斑斓的各种图案，变化多端，趣味无穷，既锻炼宝宝的动手能力，又丰富宝宝的想象力，还可以教宝宝识别各种不同的几何图。",2,"个",{"v":46,"d":"46.00"},{"v":92,"d":"92.00"}]